000 00512nam a22001817a 4500
005 20230405112716.0
008 230405b ||||| |||| 00| 0 eng d
040 _cAL
041 _aEnglish
082 _223
_a310/134
_bPAIS
100 _aRichard Pais
_983257
245 _aSociology: A Handbook for Puc First Year
260 _aMangalore
_bMangalore Sociology Association
_c1997
300 _aix,118 p.
_bPB
_c21.5x14 cm.
650 _aSociology
_983258
700 _aPAIS (Richard)
_983259
942 _2ddc
_cBK
999 _c227141
_d227141